Quadratic Forms Combinatorics and Numerical Results /

This monograph presents combinatorial and numerical issues on integral quadratic forms as originally obtained in the context of representation theory of algebras and derived categories. Some of these beautiful results remain practically unknown to students and scholars, and are scattered in papers w...

Full description

Bibliographic Details
Main Authors: Barot, Michael (Author, http://id.loc.gov/vocabulary/relators/aut), Jiménez González, Jesús Arturo (http://id.loc.gov/vocabulary/relators/aut), de la Peña, José-Antonio (http://id.loc.gov/vocabulary/relators/aut)
Corporate Author: SpringerLink (Online service)
Format: Electronic eBook
Language:English
Published: Cham : Springer International Publishing : Imprint: Springer, 2019.
Edition:1st ed. 2019.
Series:Algebra and Applications, 25
Subjects:
Online Access:Full Text via HEAL-Link
LEADER 03344nam a2200553 4500
001 978-3-030-05627-8
003 DE-He213
005 20191028231138.0
007 cr nn 008mamaa
008 190128s2019 gw | s |||| 0|eng d
020 |a 9783030056278  |9 978-3-030-05627-8 
024 7 |a 10.1007/978-3-030-05627-8  |2 doi 
040 |d GrThAP 
050 4 |a QA184-205 
072 7 |a PBF  |2 bicssc 
072 7 |a MAT002050  |2 bisacsh 
072 7 |a PBF  |2 thema 
082 0 4 |a 512.5  |2 23 
100 1 |a Barot, Michael.  |e author.  |4 aut  |4 http://id.loc.gov/vocabulary/relators/aut 
245 1 0 |a Quadratic Forms  |h [electronic resource] :  |b Combinatorics and Numerical Results /  |c by Michael Barot, Jesús Arturo Jiménez González, José-Antonio de la Peña. 
250 |a 1st ed. 2019. 
264 1 |a Cham :  |b Springer International Publishing :  |b Imprint: Springer,  |c 2019. 
300 |a XX, 220 p. 111 illus.  |b online resource. 
336 |a text  |b txt  |2 rdacontent 
337 |a computer  |b c  |2 rdamedia 
338 |a online resource  |b cr  |2 rdacarrier 
347 |a text file  |b PDF  |2 rda 
490 1 |a Algebra and Applications,  |x 1572-5553 ;  |v 25 
505 0 |a 1 Fundamental Concepts -- 2 Positive Quadratic Forms -- 3 Nonnegative Quadratic Forms -- 4 Concealedness and Weyl Groups -- 5 Weakly Positive Quadratic Forms -- 6 Weakly Nonnegative Quadratic Forms -- References -- Index. 
520 |a This monograph presents combinatorial and numerical issues on integral quadratic forms as originally obtained in the context of representation theory of algebras and derived categories. Some of these beautiful results remain practically unknown to students and scholars, and are scattered in papers written between 1970 and the present day. Besides the many classical results, the book also encompasses a few new results and generalizations. The material presented will appeal to a wide group of researchers (in representation theory of algebras, Lie theory, number theory and graph theory) and, due to its accessible nature and the many exercises provided, also to undergraduate and graduate students with a solid foundation in linear algebra and some familiarity on graph theory. 
650 0 |a Algebras, Linear. 
650 0 |a Graph theory. 
650 0 |a Combinatorics. 
650 0 |a Algebra. 
650 0 |a Field theory (Physics). 
650 1 4 |a Linear Algebra.  |0 http://scigraph.springernature.com/things/product-market-codes/M11100 
650 2 4 |a Graph Theory.  |0 http://scigraph.springernature.com/things/product-market-codes/M29020 
650 2 4 |a Combinatorics.  |0 http://scigraph.springernature.com/things/product-market-codes/M29010 
650 2 4 |a Field Theory and Polynomials.  |0 http://scigraph.springernature.com/things/product-market-codes/M11051 
700 1 |a Jiménez González, Jesús Arturo.  |e author.  |4 aut  |4 http://id.loc.gov/vocabulary/relators/aut 
700 1 |a de la Peña, José-Antonio.  |e author.  |4 aut  |4 http://id.loc.gov/vocabulary/relators/aut 
710 2 |a SpringerLink (Online service) 
773 0 |t Springer eBooks 
776 0 8 |i Printed edition:  |z 9783030056261 
776 0 8 |i Printed edition:  |z 9783030056285 
830 0 |a Algebra and Applications,  |x 1572-5553 ;  |v 25 
856 4 0 |u https://doi.org/10.1007/978-3-030-05627-8  |z Full Text via HEAL-Link 
912 |a ZDB-2-SMA 
950 |a Mathematics and Statistics (Springer-11649)